000 00980nam a2200265 i 4500
001 187562
003 ES-MaACL
005 20250718234747.0
008 171127s2013 sp |||| | spa d
020 _a978-84-939863-5-3
080 _a316.334.2:330.342.14
100 1 _aFontana, Josep,
_d1931-2018
_951600
245 1 3 _aEl futuro es un país extraño
_b: una reflexión sobre la crisis social de comienzos del siglo XXI /
_cJosep Fontana.
260 _aBarcelona :
_bPasado & Presente,
_c[2013]
300 _a232 p. ;
_c23 cm.
500 _aÍndice.
504 _aBibliografía p. [155]-217.
650 0 _aCrisis económicas- 2008
_9236570
650 0 4 _aCapitalismo-
_xAspectos sociales.
_910762
650 4 _aPolítica mundial-
_y2005-2015.
_9161691
852 _aES-MaACL
_jA-14047
_9194648
_bR..151595
_cDEPO1
_dOlim: N-7047
_hDonación: Roberta Ann Quance
903 _994482
_aQuance, Roberta Ann
_ednr
942 _2udc
_cMONOGRAFIA
999 _c187562
_d187562